000 00617 a2200181 4500
000 BKB
001 070739
005 20200902150857.0
008
082 _a338.47
_bC21O
100 1 _aCarmel, Erran
245 1 _aOffshoring information technology
_cby Erran Carmel and Paul Tjia
260 _aUK
_bCambridge University Press
_c2005
300 _a282p.
690 _aComputer software--Development--Management; Contracting out--Management; Computer software industry; Information technology--Management
700 _aTjia, Paul
_b
_c
964 _a
_bENG
_c
_d
_e
_f
_g
999 _c4167
_d4167